000 01295nam a22003137a 4500
999 _c944
_d944
001 000305
003 CoMeUDC000305
005 20190122165956.0
008 130821s2000 ck gr spa
020 _a9581104305
040 _aCo-BoUCM
_bspa
_cCoMeUDC
041 0 0 _aspa
082 0 4 _a378.861
_220
_bG643
100 1 _aGonzález Álvarez, Luis José
245 1 3 _aLa educación superior a distancia en Colombia visión histórica y lineamientos para su gestión /
_cLuis José González Álvarez, Amaury Lora Sfer, Luis Alberto Malagón Plata.
260 _aBogotá (Colombia) :
_bICFES ,
_c2000
300 _a192 páginas ;
_c28 cm.
504 _aIncluye referencias bibliográficas.
650 0 4 _aEducación a distancia
_xAspectos económicos
_zColombia
_913780
650 0 4 _aEducación por internet
_zColombia
_97548
650 0 4 _aEducación superior
_9177
650 0 4 _aEducación superior
_vMétodos de enseñanza
_zColombia
_vEvaluación
_9177
650 0 4 _aPolítica de educación superior
_zColombia
_921941
700 1 _aGonzález Álvarez, Luis José
700 1 _aLora Sfer, Amaury
700 1 _aMalagón Plata, Luis Alberto
710 2 _aInstituto Colombiano para el Fomento de la Educación Superior. ICFES
942 _cBK
_a1
_e1
_mG643e
_2ddc
_h378.03
_n0